000
00246nam a2200109Ia 4500
008
230320s9999||||xx |||||||||||||| ||spa||
082
_a
234.165/R56
100
_a
Riesgo, Luis
245
0
_a
¨Divorcio Es Un Mal?
260
_b
PPC
942
_8
0
_c
LIB
999
_c
26908
_d
26908